000 00398nam a2200193Ia 4500
005 20240823060035.0
008 240823s9999||||xx |||||||||||||| ||und||
020 _a82-90633-52-1
041 _aENGLISH
082 _A551.460709
100 _aAune
245 0 _aTROMSQ
250 _a1st
260 _bAune F
500 _aYES
650 _aHistory
_bGeneral
942 _cBK
999 _c230196
_d230196